"Wkrótce już stanę przed innym sądem..." : (Rekord nr 27892)
| 000 -Nagłówek | |
|---|---|
| fixed length control field | 02993cam a2200649 i 4500 |
| 001 - Nr kontrolny bibl., która utworzyła rek. | |
| control field | xx004982926 |
| 003 - Siglum bibl., której nr kontr. jest w 001 | |
| control field | NUKAT |
| 005 - Data i czas ostatniej operacji | |
| control field | 20260430104422.0 |
| 008 - Elementy pola stałej długości | |
| fixed length control field | 201028s2020 pl a g |001 0 pol c |
| 020 ## - ISBN | |
| ISBN | 9788380982888 |
| dopowiedzenie | (oprawa twarda) : |
| warunki dostępności | zł 40,00 |
| 035 ## - Systemowy numer kontrolny | |
| systemowy numer kontrolny | (OCoLC)1204354308 |
| 035 ## - Systemowy numer kontrolny | |
| systemowy numer kontrolny | (NUKAT)xx004982926 |
| 040 ## - Instytucja sporządzająca opis | |
| Instytucja, która sporządziła opis | WR U/PAd |
| język katalgowania-trzyzn. kod | pol |
| zasady opisu | rda |
| Instytucja, która sporządziła rekord | WR U/ap |
| Instytucja, która zmodyfikowała rekord | WR U/jm |
| -- | WR U/AWs |
| -- | WA 14/ABs |
| -- | OLSZT 008/bak |
| 041 0# - Kod nazwy języka dokumentu | |
| Język tekstu | pol |
| Język streszczeń | eng |
| 045 2# - Okres czasu dla zawartości | |
| czas między r. 9999 pne a nasz. czas. | d1944 |
| -- | d1956 |
| 046 ## - Kod rodz. daty, data1, data2 (daty pne) | |
| Begin/single date | 2020 |
| 100 1# - Hasło główne-nazwa osobowa | |
| Nazwa osobowa | Romanowska, Elżbieta |
| Dopowiedzenie inne niż daty biograficzne | (historia). |
| rodzaj współpracy | Autor |
| 9 (RLIN) | 40967 |
| 245 10 - Tytuł właściwy i oznaczenie odpow. | |
| tytuł | "Wkrótce już stanę przed innym sądem..." : |
| dodatek do tytułu | prawnicy II Rzeczypospolitej represjonowani w Polsce w latach 1944-1956 / |
| dod. inf. ze s. tyt./ozn. odpow. | Elżbieta Romanowska ; Instytut Pamięci Narodowej. Komisja Ścigania Zbrodni przeciwko Narodowi Polskiemu. |
| 246 30 - Inne formy tytułu, wariant tytułu | |
| tytuł | Prawnicy II Rzeczypospolitej represjonowani w Polsce w latach 1944-1956 |
| 260 ## - Adres wydawniczy | |
| miejsce wydania, dystrybucji itp. | Warszawa : |
| nazwa wydawcy, dystrybutora itp. | Instytut Pamięci Narodowej. Komisja Ścigania Zbrodni przeciwko Narodowi Polskiemu, |
| data wydania, dystrybucji itp. | 2020. |
| 300 ## - Opis fizyczny | |
| objętość i/lub forma materiału | 382, [1] strona : |
| inne szczegóły opisu fizycznego | ilustracje ; |
| format | 25 cm. |
| 336 ## - Content Type | |
| Term | Tekst |
| Code | txt |
| Source | rdacontent |
| 337 ## - Media Type | |
| Term | Bez urządzenia pośredniczącego |
| Code | n |
| Source | rdamedia |
| 338 ## - Carrier Type | |
| Term | Wolumin |
| Code | nc |
| Source | rdacarrier |
| 380 ## - Form of work | |
| Form of work | Książki |
| 380 ## - Form of work | |
| Form of work | Publikacje naukowe |
| 388 1# - TIME PERIOD OF CREATION | |
| Time period of creation term | 2001- |
| 490 1# - Tytuł serii i ks. wielotom.-nie do wysz. | |
| oznaczenie serii | Monografie ; |
| numer woluminu | t. 152 |
| 490 1# - Tytuł serii i ks. wielotom.-nie do wysz. | |
| oznaczenie serii | Centralny Projekt Badawczy IPN Partia Komunistyczna w Systemie Władzy w Polsce 1944-1989 |
| 504 ## - Uwaga o bibliografii | |
| uwaga o bibliografii | Bibliografia na stronach 357-370. Indeks. |
| 546 ## - Uwaga o języku opisywanego materiału | |
| uwaga o języku | Streszczenie w języku angielskim. |
| 648 #7 - SUBJECT ADDED ENTRY--CHRONOLOGICAL TERM | |
| Chronological term | 1901-2000 |
| Source of heading or term | DBN |
| 9 (RLIN) | 34996 |
| 648 #7 - SUBJECT ADDED ENTRY--CHRONOLOGICAL TERM | |
| Chronological term | 1939-1945 |
| Source of heading or term | DBN |
| 9 (RLIN) | 36042 |
| 648 #7 - SUBJECT ADDED ENTRY--CHRONOLOGICAL TERM | |
| Chronological term | 1945-1989 |
| Source of heading or term | DBN |
| 9 (RLIN) | 36043 |
| 650 #7 - Hasło przedmiotowe-nazwa pospolita | |
| nazwa pospolita lub geogr. | Ofiary prześladowań |
| źródło hasła | DBN |
| 9 (RLIN) | 40037 |
| 650 #7 - Hasło przedmiotowe-nazwa pospolita | |
| nazwa pospolita lub geogr. | Prawnicy i prawniczki |
| źródło hasła | DBN |
| 9 (RLIN) | 40968 |
| 650 #7 - Hasło przedmiotowe-nazwa pospolita | |
| nazwa pospolita lub geogr. | Proces pokazowy |
| źródło hasła | DBN |
| 9 (RLIN) | 40969 |
| 650 #7 - Hasło przedmiotowe-nazwa pospolita | |
| nazwa pospolita lub geogr. | Prześladowania polityczne |
| źródło hasła | DBN |
| 9 (RLIN) | 36911 |
| 650 #7 - Hasło przedmiotowe-nazwa pospolita | |
| nazwa pospolita lub geogr. | Stalinizm |
| źródło hasła | DBN |
| 9 (RLIN) | 35085 |
| 650 #7 - Hasło przedmiotowe-nazwa pospolita | |
| nazwa pospolita lub geogr. | Prawnicy |
| określnik geograficzny | Polska |
| określnik chronologiczny | 1945-. |
| źródło hasła | kaba |
| 9 (RLIN) | 40970 |
| 650 #7 - Hasło przedmiotowe-nazwa pospolita | |
| nazwa pospolita lub geogr. | Represje polityczne |
| określnik chronologiczny | 1945-1990. |
| źródło hasła | kaba |
| 9 (RLIN) | 40971 |
| 650 #7 - Hasło przedmiotowe-nazwa pospolita | |
| nazwa pospolita lub geogr. | Represje polityczne |
| określnik geograficzny | Polska |
| określnik chronologiczny | 1945-1970. |
| źródło hasła | kaba |
| 9 (RLIN) | 40122 |
| 650 #7 - Hasło przedmiotowe-nazwa pospolita | |
| nazwa pospolita lub geogr. | Prawnicy |
| określnik rzeczowy | status prawny |
| określnik geograficzny | Polska. |
| źródło hasła | kaba |
| 9 (RLIN) | 40972 |
| 650 #7 - Hasło przedmiotowe-nazwa pospolita | |
| nazwa pospolita lub geogr. | Prawnicy |
| określnik rzeczowy | deontologia |
| określnik geograficzny | Polska. |
| źródło hasła | kaba |
| 9 (RLIN) | 40973 |
| 650 #7 - Hasło przedmiotowe-nazwa pospolita | |
| nazwa pospolita lub geogr. | Wymiar sprawiedliwości |
| określnik rzeczowy | aspekt polityczny |
| określnik geograficzny | Polska |
| określnik chronologiczny | 1945-1970. |
| źródło hasła | kaba |
| 9 (RLIN) | 40974 |
| 650 #7 - Hasło przedmiotowe-nazwa pospolita | |
| nazwa pospolita lub geogr. | Wymiar sprawiedliwości |
| określnik geograficzny | Polska |
| określnik chronologiczny | 1945-1970. |
| źródło hasła | kaba |
| 9 (RLIN) | 40975 |
| 650 #7 - Hasło przedmiotowe-nazwa pospolita | |
| nazwa pospolita lub geogr. | Sądy |
| określnik geograficzny | Polska |
| określnik chronologiczny | 1945-1970. |
| źródło hasła | kaba |
| 9 (RLIN) | 40977 |
| 651 #7 - Hasło przedmiotowe-nazwa geogr. | |
| nazwa geograficzna | Polska |
| źródło hasła | DBN |
| 9 (RLIN) | 35076 |
| 655 #7 - Termin określający rodzaj/formę | |
| rodzaj/forma | Monografia |
| źródło terminu | DBN |
| 9 (RLIN) | 35240 |
| 658 ## - Nazwa określająca cel programu nauczania | |
| główny cel programu nauczania | Historia |
| 658 ## - Nazwa określająca cel programu nauczania | |
| główny cel programu nauczania | Prawo i wymiar sprawiedliwości |
| 710 2# - Hasło dodatkowe - nazwa ciała zbior. | |
| nazwa ciała zbior. lub nazwa geogr. | Instytut Pamięci Narodowej - Komisja Ścigania Zbrodni przeciwko Narodowi Polskiemu. |
| rodzaj współpracy | Instytucja sprawcza |
| -- | Wydawca |
| kod rodzaju współpracy | pbl |
| 9 (RLIN) | 11792 |
| 830 #0 - Hasło dod. serii i op. ks. wielotom. -tyt | |
| tytuł | Monografie - Instytut Pamięci Narodowej - Komisja Ścigania Zbrodni przeciwko Narodowi Polskiemu |
| oznaczenie tomu | t. 152 |
| 9 (RLIN) | 11794 |
| 830 #0 - Hasło dod. serii i op. ks. wielotom. -tyt | |
| tytuł | Partia Komunistyczna w Systemie Władzy w Polsce 1944-1989 |
| 9 (RLIN) | 40966 |
| 920 ## - ISBN | |
| ISBN | 978-83-8098-288-8 (oprawa twarda) : zł 40,00 |
| 942 ## - ADDED ENTRY ELEMENTS (KOHA) | |
| Source of classification or shelving scheme | Dewey Decimal Classification |
| Koha item type | pozycje dostępne na miejscu |
Brak dostępnych egzemplarzy.